| 000 | 00000nam 2200000zi 4500 |
| 001 | 9.928349 |
| 003 | CaOODSP |
| 005 | 20250324130936 |
| 006 | m o d f |
| 007 | cr |n||||||||| |
| 008 | 231006e199205 onc ob f000 0 fre d |
| 040 | |aCaOODSP|bfre|erda|cCaOODSP |
| 043 | |an-cn--- |
| 086 | 1 |aCo22-518/1992F-PDF |
| 245 | 03|aUn service de téléphone numérique sans fil au Canada. |
| 264 | 1|a[Ottawa] : |bMinistère des communications, |cMai 1992. |
| 300 | |a1 ressource en ligne (15 pages) |
| 336 | |atexte|btxt|2rdacontent/fre |
| 337 | |ainformatique|bc|2rdamedia/fre |
| 338 | |aressource en ligne|bcr|2rdacarrier/fre |
| 500 | |aÉdition numérisée de l'imprimé [par Innovation, Sciences et Développement économique Canada]. |
| 500 | |aPublié aussi en anglais sous le titre : A digital cordless telephone service for Canada. |
| 504 | |aComprend des références bibliographiques (pages 14-15). |
| 650 | 6|aRéseaux téléphoniques numériques|zCanada. |
| 650 | 6|aRadio|zCanada. |
| 710 | 1 |aCanada. |bMinistère des communications, |eorganisme de publication. |
| 775 | 08|tA digital cordless telephone service for Canada.|w(CaOODSP)9.926438 |
| 856 | 40|qPDF|s220 Ko|uhttps://publications.gc.ca/collections/collection_2023/isde-ised/co22/Co22-518-1992-fra.pdf |